Israël : l'obsession du territoire (notice n° 1925715)

détails MARC
000 -LEADER
fixed length control field 01630cam a2200145 4500500
005 - DATE AND TIME OF LATEST TRANSACTION
control field 20260329023234.0
041 ## - LANGUAGE CODE
Language code of text/sound track or separate title fre
042 ## - AUTHENTICATION CODE
Authentication code dc
100 10 - MAIN ENTRY--PERSONAL NAME
Personal name Fuentes-Carrera, Julieta
Relator term author
245 00 - TITLE STATEMENT
Title Israël : l'obsession du territoire
260 ## - PUBLICATION, DISTRIBUTION, ETC.
Name of publisher, distributor, etc. Armand Colin,<br/>
Date of publication, distribution, etc. 2018.<br/>
520 ## - SUMMARY, ETC.
Summary, etc. Lorsqu’on évoque le conflit israélo-palestinien, les images qui viennent à l’esprit sont toujours violentes : guerres, attentats terroristes, tirs de roquettes, maisons détruites, victimes civiles… Parce qu’elles sont omniprésentes, ces violences cachent en fait une autre dimension de la réalité géopolitique régionale : le rôle joué par les politiques israéliennes d’aménagement du territoire.Un rôle qui ne se limite pas à la construction du Mur de séparation et de nouvelles colonies de peuplement, qui n’en sont que les parties les plus visibles et les plus médiatisées. Et qui est largement sous-estimé par la plupart des analyses, alors que la question du contrôle du territoire est de manière évidente l’enjeu principal du conflit, et ce avant même la création de l’État d’Israël.Cet ouvrage analyse le rôle central que joue « l’obsession territoriale » d’Israël dans la construction de l’État-nation, dans l’exclusion spatiale entre Juifs, Arabes israéliens et Palestiniens et dans le façonnement des identités.Une grille de lecture novatrice du conflit le plus impactant des dernières décennies.
700 10 - ADDED ENTRY--PERSONAL NAME
Personal name Subra, Philippe
Relator term author
856 41 - ELECTRONIC LOCATION AND ACCESS
Uniform Resource Identifier <a href="https://shs.cairn.info/israel-l-obsession-du-territoire--9782200621247?lang=fr&redirect-ssocas=7080">https://shs.cairn.info/israel-l-obsession-du-territoire--9782200621247?lang=fr&redirect-ssocas=7080</a>

Pas d'exemplaire disponible.

PLUDOC

PLUDOC est la plateforme unique et centralisée de gestion des bibliothèques physiques et numériques de Guinée administré par le CEDUST. Elle est la plus grande base de données de ressources documentaires pour les Étudiants, Enseignants chercheurs et Chercheurs de Guinée.

Adresse

627 919 101/664 919 101

25 boulevard du commerce
Kaloum, Conakry, Guinée

Réseaux sociaux

Powered by Netsen Group @ 2025